[Event "Fuzesabony op"]
[Site "Fuzesabony"]
[Date "1996.??.??"]
[Round "1"]
[White "Malik, I."]
[Black "Timar, Zsolt"]
[Result "0-1"]
[WhiteElo "1935"]
[BlackElo "2205"]
[PlyCount "92"]
[EventDate "1996.??.??"]
[EventType "swiss"]
[EventRounds "9"]
[EventCountry "HUN"]
[SourceTitle "EXT 2004"]
[Source "ChessBase"]
[SourceDate "2003.11.25"]
[SourceVersion "1"]
[SourceVersionDate "2003.11.25"]
[SourceQuality "1"]

1. e4 Nf6 2. e5 Nd5 3. c4 Nb6 4. d4 d6 5. Nf3 Bg4 6. exd6 cxd6 7. Be2 e6 8. 0-0 Be7 9. Nc3 0-0 10. b3 d5 11. c5 N6d7 12. b4 b6 13. Be3 Bf6 14. Rc1 bxc5 15. dxc5 Bxf3 16. Bxf3 Ne5 17. Be2 Nbc6 18. b5 d4 19. Ne4 dxe3 20. Nxf6+ Qxf6 21. fxe3 Qg5 22. bxc6 Qxe3+ 23. Kh1 Nxc6 24. Rf3 Qe5 25. Rcc3 Rad8 26. Qe1 Nd4 27. Rfe3 Qf6 28. c6 Rc8 29. Bf3 Rc7 30. Qc1 Rfc8 31. a4 g6 32. Rc4 e5 33. h3 Qd6 34. Bg4 f5 35. Bd1 Rxc6 36. Rec3 Kg7 37. Rxc6 Rxc6 38. Rxc6 Qxc6 39. Qxc6 Nxc6 40. Kg1 Kf6 41. Kf2 e4 42. Ke3 Ke5 43. g3 g5 44. Bc2 f4+ 45. gxf4+ gxf4+ 46. Kf2 h6 0-1